000 00844nam a2200217 a 4500
008 160526s2012 ||||||||||||||||| || u
020 _a9780821395752
050 _aIBRD(058)WDR/2013A
100 _aThe World Bank
245 1 0 _aWorld development report: jobs
_cby World bank
260 _aWashington:
_c2012
300 _axviii,401p.:ill.
500 _aBibliography
650 0 _aECONOMIC DEVELOPMENT
650 _aUNEMPLOYMENT--CONGRESSES
650 _aWORLD EMPLOYEMENT--CONGRESSES
650 _aLABOUR
710 _aWorld Bank
995 _aSPECIAL COLLECTIONS
_e745968
_FCBU-MAIN LIBRARY (Kitwe)
_jIBRD(058)WDR/2013A
_M1
_UAVAILABLE
_WJun 22, 2016
_y745968
_ZInternational Publications
995 _aSPECIAL COLLECTIONS
_e745968
_FCBU-MAIN LIBRARY (Kitwe)
_jIBRD(058)WDR/2013B
_M2
_UAVAILABLE
_WJun 22, 2016
_y745969
_ZInternational Publications
999 _c83236
_d83236